000 00390nam a2200145Ia 4500
008 231129s1999||||xx |||||||||||||| ||spa||
020 _a958-9393-72-1
040 _bspa
082 _aR 759.9861 B748ó
100 _aFumaroli Marc
245 0 _aBotero dibujos
260 _c1999
264 _aBogotá Colombia : Villegas editores
942 _2ddc
_cBKS
999 _c6304
_d6304